Biblioteca

Early rabbinic writings (Registro nro. 67314)

Detalles MARC
000 -LÍDER
Campo fijo de descripción fija 01918pam a2200361 i 4500
001 - NÚMERO DE CONTROL
Campo de control 768714001
003 - IDENTIFICADOR DEL NÚMERO DE CONTROL
Campo de control CO-MdFUSB
005 - FECHA Y HORA DE LA ULTIMA TRANSACCIÓN
control field 20220630152538.0
007 - CAMPO FIJO DE DESCRIPCIÓN FIJA--INFORMACIÓN GENERAL
Campo fijo de descripción fija ta
008 - ELEMENTOS DE LONGITUD FIJA -- INFORMACIÓN GENERAL
Campo fijo de descripción fija -- Información general 870912t2009 enk b 001 0 eng
020 ## - NÚMERO INTERNACIONAL NORMALIZADO PARA LIBROS
Número Internacional Normalizado del libro 0521285534
040 ## - FUENTE DE CATALOGACIÓN
Agencia de catalogación original DLC
Idioma de catalogación eng
Agencia que realiza la transcripción CO-MdFUSB
Agencia que realiza la modificación LML
Convenciones de la descripción rda
041 ## - CÓDIGO DE IDIOMA
Código de idioma para texto/pista de sonido o título separado eng
082 ## - NÚMERO DE CLASIFICACIÓN DECIMAL DEWEY
Número de la edición del Dewey 23
Número de clasificación 296.109
Clave de autor-Numero de item M129
100 1# - ASIENTO PRINCIPAL--NOMBRE PERSONAL
Nombre personal Maccoby, Hyam,
Fechas asociadas con el nombre 1924-2004.
Término relacionador autor
245 10 - TÍTULO
Título del Material Early rabbinic writings
Mención de responsabilidad, etc. / Hyam Maccoby.
264 #1 - PRODUCCIÓN, PUBLICACIÓN, DISTRIBUCIÓN, MANUFACTURA, Y COPYRIGHT
Lugar de producción, publicación, distribución, manufactura Cambridge : Inglaterra :
-- New York :
Nombre del productor, publicador, distribuidor Cambridge University Press,
Fecha de producción, publicación, distribución, manufactura, o copyright [2009]
264 #4 - PRODUCCIÓN, PUBLICACIÓN, DISTRIBUCIÓN, MANUFACTURA, Y COPYRIGHT
Fecha de producción, publicación, distribución, manufactura, o copyright © 2009
300 ## - DESCRIPCIÓN FÍSICA
Extensión 245 páginas ;
Dimensiones 23 cm.
336 ## - TIPO DE CONTENIDO
Término de tipo de contenido texto
Código de tipo de contenido txt
Fuente rdacontent.
337 ## - TIPO DE MEDIO
Nombre del tipo de medio sin mediación
Código del tipo de medio n
Fuente rdamedia.
338 ## - TIPO DE SOPORTE
Nombre del tipo de soporte volumen
Código Tipo de soporte nc
Fuente rdacarrier.
490 1# - MENCIÓN DE SERIE
Mención de serie Cambridge commentaries on writings of the Jewish and Christian world, 200 BC to AD 200 ;
500 ## - NOTA GENERAL
Nota General Includes index.
504 ## - NOTA DE BIBLIOGRAFÍA, ETC.
Nota de bibliografía, etc Bibliografía: páginas 234-235.
505 ## - NOTA DE CONTENIDO
Nota de contenido con formato preestablecido Parte I: La literatura rabínica -- Introducción -- La Torá oral -- Canonicidad -- El estilo de los escritos rabínicos -- Fariseos y saduceos -- Fariseos y rabinos -- Antecedentes históricos -- Halakah y Haggadah -- Haggadah y Midrash -- Los Targums -- La Mishná -- La Tosephta -- La liturgia -- Los Midrashim -- Obras varias -- Las principales figuras rabínicas antes y después del 70 d.C. --Las principales ideas de la literatura rabínica temprana -- Parte II: Pasajes seleccionados -- La Mishná --La Tosefta --<br/>Los Midrashim Tannaíticos -- Mekilta -- Sifra -- Sifre -- Pasajes tanaíticos en el Talmud (baraitas) -- Los Targums -- Liturgia --<br/>Historia -- ¿ Megillat Ta'anit -- Seder 'Olam Rabbah -- Haggadic Midrashim -- Literatura mística.
563 ## - NOTA DE ENCUADERNACIÓN
Nota de encuadernación Rústico
650 #7 - ASIENTO SECUNDARIO DE MATERIA - TERMINO TEMÁTICO
Término temático o nombre geográfico como elemento de entrada Literatura rabínica
9 (RLIN) 331
830 #0 - PUNTO DE ACCESO ADICIONAL DE SERIE - TÍTULO UNIFORME
Título uniforme Cambridge commentaries on writings of the Jewish and Christian world, 200 BC to AD 200 ;
942 ## - TIPO DE MATERIAL (KOHA)
Tipo de Item KOHA Libros General
945 ## - INFORMACIÓN LOCAL DEL REGISTRO
Catalogador JTF-925
Existencias
Estado de Material Estado de Perdido Forma de Clasificación Estado de Dañado No para Préstamo Colección Biblioteca de Origen Biblioteca Permanente Fecha de Adquisición Área Total de Préstamos Total de Renovaciones Signatura Topográfica Código de Barras Última vez visto Última vez Préstado Ejemplar/Existencia Fecha de Remplazo Tipo de Material
    Dewey Decimal Classification     Colección General Biblioteca FUSBC Biblioteca FUSBC 23/02/2022 HISTORIA 1 1 G 296.109 M129e 21672 20/10/2025 17/09/2025 Ej.1 23/02/2022 Libros General

Biblioteca FUSBC | Teléfono: (57+4) 349 88 10 Ext. 141| WhatsApp (+57) 3005338115 
E-mail: biblioteca@unisbc.edu.co | Calle 76 87-14 Robledo Palenque, Medellín, Colombia

Con tecnología Koha